<?xml version="1.0" encoding="UTF-8"?>
<record
    xmlns:xsi="http://www.w3.org/2001/XMLSchema-instance"
    xsi:schemaLocation="http://www.loc.gov/MARC21/slim http://www.loc.gov/standards/marcxml/schema/MARC21slim.xsd"
    xmlns="http://www.loc.gov/MARC21/slim">

  <leader>00925nam a2200241Ia 4500</leader>
  <controlfield tag="003">OSt</controlfield>
  <controlfield tag="005">20250401142857.0</controlfield>
  <controlfield tag="008">200815s9999||||xx |||||||||||||| ||und||</controlfield>
  <datafield tag="040" ind1=" " ind2=" ">
    <subfield code="c">0</subfield>
  </datafield>
  <datafield tag="041" ind1=" " ind2=" ">
    <subfield code="a">chi</subfield>
  </datafield>
  <datafield tag="050" ind1=" " ind2=" ">
    <subfield code="a">BR1285 </subfield>
    <subfield code="b">.W363 1979</subfield>
  </datafield>
  <datafield tag="100" ind1=" " ind2=" ">
    <subfield code="a">&#x738B;&#x6CBB;&#x5FC3;</subfield>
  </datafield>
  <datafield tag="245" ind1=" " ind2="0">
    <subfield code="a">&#x4E2D;&#x570B;&#x57FA;&#x7763;&#x6559;&#x53F2;&#x7DB1;</subfield>
    <subfield code="b"> /</subfield>
    <subfield code="c">&#x738B;&#x6CBB;&#x5FC3; </subfield>
  </datafield>
  <datafield tag="246" ind1=" " ind2=" ">
    <subfield code="a">&#x4E2D;&#x56FD;&#x57FA;&#x7763;&#x6559;&#x53F2;&#x7EB2;</subfield>
  </datafield>
  <datafield tag="250" ind1=" " ind2=" ">
    <subfield code="a">3rd ed.</subfield>
  </datafield>
  <datafield tag="260" ind1=" " ind2=" ">
    <subfield code="a">&#x53F0;&#x5317; : </subfield>
    <subfield code="b">&#x6587;&#x6D77;&#x51FA;&#x7248;&#x793E;,</subfield>
    <subfield code="c">1979</subfield>
  </datafield>
  <datafield tag="300" ind1=" " ind2=" ">
    <subfield code="a">372 p.</subfield>
    <subfield code="b">;</subfield>
    <subfield code="c">21 cm.</subfield>
  </datafield>
  <datafield tag="505" ind1=" " ind2=" ">
    <subfield code="a">&#x738B;&#x6CBB;&#x5FC3;&#x662F;&#x73B0;&#x4EE3;&#x91CD;&#x8981;&#x57FA;&#x7763;&#x6559;&#x5B66;&#x8005;&#xFF0C;&#x5176;&#x540D;&#x8457;&#x300A;&#x4E2D;&#x56FD;&#x57FA;&#x7763;&#x6559;&#x53F2;&#x7EB2;&#x300B;&#x662F;&#x6211;&#x56FD;&#x5B66;&#x8005;&#x6240;&#x64B0;&#x7684;&#x7B2C;&#x4E00;&#x90E8;&#x4E5F;&#x662F;&#x5F71;&#x54CD;&#x6700;&#x5927;&#x7684;&#x4E2D;&#x56FD;&#x57FA;&#x7763;&#x6559;&#x901A;&#x53F2;&#x6216;&#x5168;&#x53F2;&#x8457;&#x4F5C;&#x3002;&#x5C3D;&#x7BA1;&#x95EE;&#x4E16;&#x81F3;&#x4ECA;&#x5DF2;&#x6709;&#x534A;&#x4E2A;&#x591A;&#x4E16;&#x7EAA;&#xFF0C;&#x4F46;&#x300A;&#x4E2D;&#x56FD;&#x57FA;&#x7763;&#x6559;&#x53F2;&#x7EB2;&#x300B;&#x7684;&#x5F71;&#x54CD;&#x72B9;&#x5B58;&#xFF0C;&#x76EE;&#x524D;&#x4ECD;&#x4E3A;&#x4FEE;&#x4E60;&#x4E2D;&#x56FD;&#x57FA;&#x7763;&#x6559;&#x53F2;&#x7684;&#x4E3B;&#x8981;&#x5165;&#x95E8;&#x548C;&#x53C2;&#x8003;&#x4E66;&#x7C4D;&#x4E4B;&#x4E00;&#x3002;</subfield>
  </datafield>
  <datafield tag="650" ind1=" " ind2=" ">
    <subfield code="a">China.</subfield>
  </datafield>
  <datafield tag="650" ind1=" " ind2=" ">
    <subfield code="a">Christianity -- China.</subfield>
  </datafield>
  <datafield tag="650" ind1=" " ind2=" ">
    <subfield code="a">Christianity.</subfield>
  </datafield>
  <datafield tag="942" ind1=" " ind2=" ">
    <subfield code="2">ddc</subfield>
    <subfield code="c">CB</subfield>
  </datafield>
  <datafield tag="952" ind1=" " ind2=" ">
    <subfield code="0">0</subfield>
    <subfield code="1">0</subfield>
    <subfield code="4">0</subfield>
    <subfield code="7">0</subfield>
    <subfield code="a">GETS</subfield>
    <subfield code="b">GETS</subfield>
    <subfield code="c">GEN</subfield>
    <subfield code="d">2020-08-15</subfield>
    <subfield code="l">0</subfield>
    <subfield code="o">BR1285 .W363 1979</subfield>
    <subfield code="p">00002390</subfield>
    <subfield code="r">2020-08-15 00:00:00</subfield>
    <subfield code="w">2020-08-15</subfield>
    <subfield code="y">CB</subfield>
  </datafield>
  <datafield tag="999" ind1=" " ind2=" ">
    <subfield code="c">11535</subfield>
    <subfield code="d">11535</subfield>
  </datafield>
</record>
